000 00488nam a2200181Ia 4500
003 GCL
008 140319s9999 xx 000 0 ara d
040 _aGCL /
_cGCL
082 0 4 _a327.172
_bم س
100 1 _aمحمد سيد احمد
245 1 0 _aسلام ام سراب /
_cمحمد سيد احمد
300 _a261 ص
490 _a
650 0 4 _aالنزاع العربى الاسرائيلى
650 0 4 _aالشرق الاوسط
650 0 4 _aالسلام
942 _2ddc
_cBK
999 _c45984
_d45984